000 00676cam a2200241 a 4500
999 _c522841
_d522841
001 1378894
003 NUST
005 20190123151413.0
008 820911s1981 enk 000 0 eng
010 _a 81172044
020 _a9780195679892
038 _aTanveer
040 _aDLC
_cDLC
_dDLC
050 0 0 _aPE1106
_b.S94 1981
082 0 0 _a428.2
_219
_bSWA
100 1 _aSwan, Michael.
_913150
245 1 0 _aPractical English Usage /
_cMichael Swan.
260 _aNew York :
_bOxford University Press,
_c2009.
300 _axxx, 653 p. ;
_c24 cm.
650 0 _aEnglish language
_xUsage.
_913151
906 _a7
_bcbc
_corignew
_d3
_encip
_f19
_gy-gencatlg
942 _2ddc
_cBK